[Event "Open Qualificatif Meyreuil"]
[Site "?"]
[Date "2006.01.05"]
[Round "4"]
[White "Garcia, Robustiano"]
[Black "Simone, Herve"]
[Result "0-1"]
[WhiteElo "1680"]
[BlackElo "1700"]
[PlyCount "84"]
[EventDate "2005.11.05"]
[SourceDate "2005.11.05"]

1. d4 e6 2. c4 d5 3. Nc3 Nf6 4. cxd5 exd5 5. Bg5 c6 6. e3 Bd6 7. Bd3 O-O 8. Nf3
h6 9. Bh4 Bg4 10. h3 Bh5 11. O-O Nbd7 12. Be2 Qc7 13. Rc1 Bxf3 14. Bxf3 g5 15.
Nb5 Qb8 16. Nxd6 Qxd6 17. Bg3 Qe7 18. Qb3 Nb6 19. Qd3 Ne4 20. Bd1 Rae8 21. Bc2
f5 22. Bh2 Nc4 23. b3 Ncd6 24. f3 Nf6 25. Bxd6 Qxd6 26. Qxf5 Ne4 27. Qg4 Nc3
28. f4 Rxe3 29. fxg5 Ne2+ 30. Kh1 Ng3+ 31. Kg1 Rxf1+ 32. Rxf1 Nxf1 33. gxh6+
Kf7 34. Qg7+ Ke8 35. Bg6+ Kd8 36. Qg8+ Kc7 37. h7 Qh2+ 38. Kf2 Qg3+ 39. Kg1 Re1
40. Qf7+ Kb6 41. h8=Q Nh2+ 42. Qf1 Rxf1# 0-1

[Event "Open Qualificatif Meyreuil"]
[Site "?"]
[Date "2006.01.07"]
[Round "4"]
[White "Roux, Jean-Marie"]
[Black "Maxiola, Antoine"]
[Result "1/2-1/2"]
[WhiteElo "1480"]
[BlackElo "1510"]
[PlyCount "48"]
[EventDate "2005.11.05"]
[SourceDate "2005.11.05"]

1. e4 e6 2. d4 d5 3. exd5 exd5 4. Nf3 Nf6 5. Nc3 Bd6 6. Bg5 c6 7. Bd3 Be6 8.
O-O Nbd7 9. Qd2 Qc7 10. Bxf6 Nxf6 11. Rfe1 O-O 12. Be2 Ne4 13. Qd3 Bf5 14. Ne5
Bxe5 15. dxe5 Qxe5 16. Nxe4 Bxe4 17. Qb3 Qc7 18. c4 b6 19. Qc3 c5 20. f3 d4 21.
Qd2 Bb7 22. Bd3 Rfe8 23. Rf1 Re3 24. Rad1 Rae8 1/2-1/2

[Event "Open Qualificatif Meyreuil"]
[Site "?"]
[Date "2006.01.07"]
[Round "4"]
[White "Torelli, Roger"]
[Black "Mengus, Michel"]
[Result "1-0"]
[WhiteElo "1499"]
[BlackElo "1710"]
[PlyCount "97"]
[EventDate "2005.11.05"]
[SourceDate "2005.11.05"]

1. e4 d6 2. d4 Nf6 3. Nc3 g6 4. Nf3 Bg7 5. Be2 O-O 6. O-O c6 7. Re1 b5 8. a3
Nbd7 9. d5 cxd5 10. exd5 a6 11. Nd4 Bb7 12. Bf3 Ne5 13. Bf4 Nxf3+ 14. Nxf3 Rc8
15. Qd2 Rxc3 16. bxc3 Nxd5 17. Bh6 Bxc3 18. Qc1 Bxe1 19. Bxf8 Bxf2+ 20. Kxf2
Kxf8 21. c4 bxc4 22. Qxc4 Qc8 23. Qb3 Qc5+ 24. Kg3 Bc8 25. Re1 e6 26. h3 Ne7
27. Qb2 e5 28. Rc1 Qe3 29. Re1 Qf4+ 30. Kf2 Nf5 31. Kg1 Be6 32. Nh2 Qd4+ 33.
Qf2 Qxf2+ 34. Kxf2 Kg7 35. Nf3 h5 36. Rd1 e4 37. Nd4 Nxd4 38. Rxd4 d5 39. Ra4
Kf6 40. Rxa6 Ke5 41. Ke3 d4+ 42. Kd2 e3+ 43. Ke1 Bc4 44. Ra5+ Ke4 45. Rc5 Kd3
46. a4 Kc3 47. a5 Kb4 48. Rxc4+ Kxa5 49. Rxd4 1-0

[Event "Open Qualificatif Meyreuil"]
[Site "?"]
[Date "2006.01.28"]
[Round "5"]
[White "Gozzo, Jean-Claude"]
[Black "Navarro, Bertrand"]
[Result "1-0"]
[WhiteElo "1690"]
[BlackElo "1570"]
[PlyCount "81"]
[EventDate "2006.01.28"]
[SourceDate "2005.11.05"]

1. d4 d6 2. c4 Nf6 3. Nc3 g6 4. e4 Bg7 5. f3 O-O 6. Be3 Nc6 7. Nge2 a6 8. Qd2
Rb8 9. g4 b5 10. Bh6 bxc4 11. Bxg7 Kxg7 12. O-O-O e5 13. d5 Nb4 14. Ng3 Nd3+
15. Bxd3 cxd3 16. Qxd3 a5 17. h4 Rb4 18. h5 Rh8 19. Qe3 Bd7 20. hxg6 fxg6 21.
Qh6+ Kf7 22. Rdg1 Ng8 23. Qe3 Qf6 24. g5 Qf4 25. Qxf4+ exf4 26. Nge2 c6 27.
Nxf4 cxd5 28. Nfxd5 Rb7 29. Rd1 Ne7 30. Nf6 h5 31. Rxd6 Rc8 32. Rhd1 Be6 33. a3
Ba2 34. Rd7 Rxc3+ 35. bxc3 Rb1+ 36. Kc2 Rb5 37. R1d2 Rxg5 38. Nd5 Bxd5 39. exd5
Ke8 40. Rd6 h4 41. Re6 1-0

[Event "Open Qualificatif Meyreuil"]
[Site "?"]
[Date "2006.01.28"]
[Round "5"]
[White "Roux, Jean-Marie"]
[Black "Garcia, Robustiano"]
[Result "0-1"]
[WhiteElo "1480"]
[BlackElo "1680"]
[PlyCount "36"]
[EventDate "2006.01.28"]
[SourceDate "2005.11.05"]

1. e4 d6 2. d4 Nf6 3. Nc3 g6 4. Nf3 Bg7 5. Bc4 O-O 6. Bg5 Nxe4 7. Bxf7+ Rxf7 8.
Nxe4 Bg4 9. Qd3 Bxf3 10. gxf3 Nc6 11. c3 Qf8 12. Nd2 Rf5 13. h4 Qf7 14. Be3 Qd5
15. Rg1 Ne5 16. Qc2 Nxf3+ 17. Nxf3 Qxf3 18. Rg3 Qh1+ 0-1

[Event "Open Qualificatif Meyreuil"]
[Site "?"]
[Date "2006.01.28"]
[Round "5"]
[White "Schiano-Lomoriello, Didier"]
[Black "Montanelli, Tristan"]
[Result "0-1"]
[WhiteElo "1499"]
[BlackElo "1499"]
[PlyCount "52"]
[EventDate "2006.01.28"]
[SourceDate "2005.11.05"]

1. e4 c5 2. c3 d5 3. exd5 Qxd5 4. Nf3 Nc6 5. Be2 Bg4 6. O-O Nf6 7. c4 Qd6 8.
Nc3 a6 9. d3 e6 10. Bg5 h6 11. Bxf6 gxf6 12. Ne4 Qe7 13. Ned2 Rg8 14. Nb3 O-O-O
15. Nfd2 Bh3 16. Bf3 Rxd3 17. g3 Bxf1 18. Qxf1 Qd7 19. Rd1 Be7 20. Bxc6 bxc6
21. Qe2 Rd8 22. Qe4 f5 23. Qg2 Kc7 24. a4 Rxb3 25. Nxb3 Qxd1+ 26. Qf1 Qxb3 0-1

[Event "Open Qualificatif Meyreuil"]
[Site "?"]
[Date "2006.01.28"]
[Round "5"]
[White "Simone, Herve"]
[Black "Torelli, Roger"]
[Result "1/2-1/2"]
[WhiteElo "1600"]
[BlackElo "1499"]
[PlyCount "90"]
[EventDate "2006.01.28"]
[SourceDate "2005.11.05"]

1. e4 e5 2. Nf3 Nc6 3. d4 exd4 4. Nxd4 Nxd4 5. Qxd4 d6 6. Bc4 Qf6 7. Be3 Be6 8.
Bxe6 fxe6 9. Qa4+ c6 10. c3 a6 11. Nd2 b5 12. Qa5 Qd8 13. Bb6 Qd7 14. Rd1 d5
15. Nb3 Nf6 16. e5 Ng4 17. Bd4 Be7 18. h3 Nh6 19. Nc5 Qc8 20. O-O Nf5 21. Rfe1
Nxd4 22. cxd4 Bxc5 23. dxc5 Qb7 24. Qd2 Qe7 25. b4 Rf8 26. Re3 O-O-O 27. Ra1
Kb7 28. a4 Ra8 29. Rea3 Qh4 30. Rg3 g6 31. Rg4 Qe7 32. Ra3 Qc7 33. f4 Qf7 34.
axb5 axb5 35. Rxa8 Rxa8 36. Rg3 Qf5 37. Kh2 Qb1 38. Rd3 Ra1 39. Rd4 Qh1+ 40.
Kg3 Qb1 41. Qd3 Qb2 42. Qd2 Ra3+ 43. Kh4 Qb3 44. Qf2 Ra4 45. Qd2 Ra3 1/2-1/2

[Event "Open Qualificatif Meyreuil"]
[Site "?"]
[Date "2006.01.28"]
[Round "5"]
[White "Terrien, Claude"]
[Black "Scamaroni, Jean-Paul"]
[Result "0-1"]
[WhiteElo "1700"]
[BlackElo "1730"]
[PlyCount "100"]
[EventDate "2006.01.28"]
[SourceDate "2005.11.05"]

1. c4 g6 2. Nc3 Bg7 3. Nf3 c5 4. g3 Nc6 5. Bg2 Nh6 6. O-O O-O 7. Rb1 d6 8. a3
Nf5 9. e3 Rb8 10. Qc2 e6 11. b3 Nfe7 12. Bb2 e5 13. d3 Bd7 14. Nd2 f5 15. f4
Be6 16. Nf3 exf4 17. gxf4 h6 18. Ne2 Bf6 19. Bxf6 Rxf6 20. Ng3 Qf8 21. Rbd1 Bd7
22. d4 cxd4 23. Nxd4 Rd8 24. Rf2 Nxd4 25. exd4 Bc6 26. d5 Bd7 27. Re1 Re8 28.
Qc3 Nc8 29. Rfe2 Rxe2 30. Nxe2 Rf7 31. Qg3 Kh7 32. Nd4 Re7 33. Ne6 Qf6 34. Qe3
Bxe6 35. dxe6 b6 36. Bd5 Rc7 37. Qd2 g5 38. fxg5 Qxg5+ 39. Qxg5 hxg5 40. Re3
Rg7 41. Kf2 g4 42. Kg3 Kg6 43. Kf4 Kf6 44. b4 Ne7 45. a4 Ng6+ 46. Kg3 f4+ 47.
Kf2 fxe3+ 48. Kxe3 Rh7 49. a5 Rxh2 50. axb6 axb6 0-1

[Event "Open Qualificatif Meyreuil"]
[Site "?"]
[Date "2006.01.28"]
[Round "5"]
[White "Bordenave, Robert"]
[Black "Mengus, Michel"]
[Result "1/2-1/2"]
[WhiteElo "1780"]
[BlackElo "1710"]
[PlyCount "41"]
[EventDate "2006.01.28"]
[SourceDate "2005.11.05"]

1. d4 d6 2. Bf4 g6 3. e3 Bg7 4. Nf3 Nc6 5. c3 Bd7 6. Be2 e5 7. dxe5 dxe5 8. Bg3
Nge7 9. O-O Nf5 10. Nbd2 Nxg3 11. hxg3 O-O 12. Qc2 Qe7 13. e4 Rad8 14. Rad1 a6
15. Nc4 Be6 16. Rxd8 Rxd8 17. Rd1 b5 18. Rxd8+ Qxd8 19. Ne3 Ne7 20. a3 c6 21.
Qd1 1/2-1/2

[Event "Open Qualificatif Meyreuil"]
[Site "?"]
[Date "2006.01.28"]
[Round "5"]
[White "Maxiola, Antoine"]
[Black "Alpe, Jean-Charles"]
[Result "1/2-1/2"]
[WhiteElo "1510"]
[BlackElo "1580"]
[PlyCount "77"]
[EventDate "2006.01.28"]
[SourceDate "2005.11.05"]

1. e4 e5 2. Nf3 Nf6 3. Nxe5 d6 4. Nf3 Nxe4 5. Qe2 Qe7 6. d3 Nf6 7. Bg5 Be6 8.
Nc3 a6 9. O-O-O Nbd7 10. h3 O-O-O 11. Re1 h6 12. Bd2 Re8 13. a3 g5 14. g4 Nd5
15. Nd4 Nxc3 16. Bxc3 Bd5 17. Rg1 Qxe2 18. Rxe2 Rxe2 19. Nxe2 Rg8 20. Ng3 Be6
21. Bg2 d5 22. Rf1 Bd6 23. Nh5 c5 24. Bd2 b6 25. f4 gxf4 26. Bxf4 Bxf4+ 27.
Nxf4 d4 28. Nxe6 fxe6 29. Rf7 h5 30. Bf3 Ne5 31. Rf6 Nxf3 32. Rxf3 hxg4 33. Rg3
Kd7 34. Kd2 Ke7 35. Ke2 Rg6 36. hxg4 Kf6 37. Kf3 Rg5 38. Kf4 Kg6 39. Ke4
1/2-1/2

[Event "Open Qualificatif Meyreuil"]
[Site "?"]
[Date "2006.03.18"]
[Round "6"]
[White "Maxiola, Antoine"]
[Black "Terrien, Claude"]
[Result "1-0"]
[WhiteElo "1510"]
[BlackElo "1701"]
[PlyCount "53"]
[EventDate "2006.01.28"]
[SourceDate "2005.11.05"]

1. e4 c5 2. Nf3 d6 3. d4 cxd4 4. Nxd4 Nf6 5. Nc3 Nc6 6. Bc4 g6 7. f3 Bg7 8. Be3
O-O 9. Qd2 Bd7 10. O-O-O Rc8 11. Bb3 Na5 12. h4 a6 13. h5 Nxb3+ 14. Nxb3 Nxh5
15. g4 Bxc3 16. bxc3 Ng7 17. Bh6 f5 18. Bxg7 Kxg7 19. Qh6+ Kf6 20. g5+ Ke5 21.
Qg7+ Kf4 22. Rdg1 e5 23. Rh4+ Ke3 24. Qh6 Rxc3 25. Re1+ Kf2 26. Rhh1 Kxf3 27.
Qh3+ 1-0

[Event "Open Qualificatif Meyreuil"]
[Site "?"]
[Date "2006.03.18"]
[Round "6"]
[White "Bordenave, Robert"]
[Black "Simone, Herve"]
[Result "1/2-1/2"]
[WhiteElo "1780"]
[BlackElo "1600"]
[PlyCount "70"]
[EventDate "2006.01.28"]
[SourceDate "2005.11.05"]

1. d4 e6 2. Nf3 d5 3. Bf4 c5 4. c3 Nc6 5. e3 Nf6 6. Nbd2 Qb6 7. Qb3 Qxb3 8.
Nxb3 c4 9. Nbd2 Nh5 10. Bg3 Nxg3 11. hxg3 Be7 12. Be2 Bd7 13. O-O h5 14. b3 b5
15. bxc4 bxc4 16. Rab1 O-O 17. Rb7 Be8 18. Rfb1 Bd6 19. e4 f6 20. exd5 exd5 21.
Nh4 Na5 22. R7b2 Ba3 23. Rb8 Rxb8 24. Rxb8 g6 25. Bd1 Kg7 26. Bc2 Bd6 27. Rb1
Bf7 28. Nhf3 Re8 29. Kf1 g5 30. Rb5 Nc6 31. Bf5 Ne7 32. Bc2 Ng6 33. Rb7 Re7 34.
Rb5 Re8 35. Rb7 Re7 1/2-1/2

[Event "Open Qualificatif Meyreuil"]
[Site "?"]
[Date "2006.03.18"]
[Round "6"]
[White "Garcia, Robustiano"]
[Black "Montanelli, Tristan"]
[Result "1-0"]
[WhiteElo "1680"]
[BlackElo "1499"]
[PlyCount "87"]
[EventDate "2006.01.28"]
[SourceDate "2005.11.05"]

1. d4 e6 2. c4 b6 3. Nc3 Bb4 4. e4 Bb7 5. e5 Ne7 6. Qg4 Ng6 7. Nf3 Bxf3 8. Qxf3
Nc6 9. Be3 O-O 10. Bd3 Nce7 11. O-O Bxc3 12. bxc3 f6 13. exf6 Rxf6 14. Qh5 Qe8
15. Bg5 Rf7 16. Bxe7 Rxe7 17. f4 d6 18. Be4 c6 19. f5 exf5 20. Bxf5 a5 21. Rab1
a4 22. Rxb6 Re2 23. Bxg6 hxg6 24. Qf3 Re1 25. Rb7 Rxf1+ 26. Kxf1 Ra5 27. Qe2
Rf5+ 28. Ke1 Qc8 29. Qe7 Qf8 30. Qxf8+ Kxf8 31. Rb6 Rg5 32. g3 Rh5 33. h4 c5
34. Rxd6 cxd4 35. cxd4 Rf5 36. Rxg6 Rf3 37. c5 Ra3 38. c6 Rxa2 39. Kd1 Ke8 40.
Rxg7 Kd8 41. d5 Ra3 42. Kd2 Rb3 43. d6 Ke8 44. c7 1-0

[Event "Open Qualificatif Meyreuil"]
[Site "?"]
[Date "2006.03.18"]
[Round "6"]
[White "Scamaroni, Jean-Paul"]
[Black "Torelli, Roger"]
[Result "1-0"]
[WhiteElo "1730"]
[BlackElo "1499"]
[PlyCount "51"]
[EventDate "2006.01.28"]
[SourceDate "2005.11.05"]

1. d4 e6 2. c4 f5 3. Nc3 Nf6 4. Bg5 Bb4 5. Nf3 Bxc3+ 6. bxc3 O-O 7. e3 d6 8.
Bd3 Qe8 9. Bxf6 Rxf6 10. O-O Qh5 11. Be2 Qe8 12. Re1 Rf8 13. Rb1 Nd7 14. Nd2
Nf6 15. Bf3 c6 16. e4 fxe4 17. Nxe4 Nxe4 18. Bxe4 d5 19. cxd5 cxd5 20. Bxd5 Qf7
21. Bf3 Rb8 22. Qb3 Qg6 23. Re3 b6 24. Rbe1 Kh8 25. Qa3 Rf7 26. Qd6 1-0

[Event "Open Qualificatif Meyreuil"]
[Site "?"]
[Date "2006.03.18"]
[Round "6"]
[White "Alpe, Jean-Charles"]
[Black "Roux, Jean-Marie"]
[Result "1-0"]
[WhiteElo "1590"]
[BlackElo "1480"]
[PlyCount "155"]
[EventDate "2006.01.28"]
[SourceDate "2005.11.05"]

1. c4 e5 2. Nc3 Nf6 3. Nf3 Nc6 4. g3 Bb4 5. Bg2 Bxc3 6. bxc3 d6 7. O-O Bg4 8.
d3 O-O 9. h3 Bh5 10. Be3 Qd7 11. Rb1 b6 12. Ne1 Rad8 13. Bg5 Kh8 14. Qd2 Ne7
15. Nc2 Nfg8 16. Nb4 f6 17. Be3 c5 18. Nd5 Nxd5 19. cxd5 Ne7 20. g4 Bg6 21. f4
c4 22. f5 Bxf5 23. gxf5 Nxf5 24. dxc4 Nxe3 25. Qxe3 Qa4 26. Rb2 Qxc4 27. Rb4
Qxa2 28. Rh4 Rc8 29. Qd3 h6 30. Be4 Qb2 31. Qg3 Qxe2 32. Qg6 Qe3+ 33. Kg2 Qg5+
34. Qxg5 fxg5 35. Rxf8+ Rxf8 36. Rg4 Rc8 37. Rg3 a5 38. Rf3 Kg8 39. Bb1 a4 40.
Ba2 g6 41. c4 Kg7 42. Ra3 Ra8 43. Kf2 Kf6 44. Ke2 e4 45. Kd2 Ke5 46. Ke3 h5 47.
Bb1 g4 48. hxg4 hxg4 49. Bxe4 g5 50. Bc2 Rf8 51. Bd1 g3 52. Bf3 g4 53. Be2 Rf2
54. Rxa4 Rh2 55. Ra1 g2 56. Rg1 Rh3+ 57. Kf2 Rh2 58. Bxg4 Kd4 59. Be2 Kc3 60.
Rxg2 Rxg2+ 61. Kxg2 Kd4 62. Kf3 Kc5 63. Ke3 Kb4 64. Ke4 Kc5 65. Kf5 b5 66. cxb5
Kxd5 67. Kf6 Kc5 68. Ke6 d5 69. Kd7 Kb6 70. Kd6 d4 71. Kd5 d3 72. Bxd3 Kc7 73.
Kc5 Kb7 74. b6 Kb8 75. Kc6 Kc8 76. Be4 Kb8 77. b7 Ka7 78. Kc7 1-0

[Event "Open Qualificatif Meyreuil"]
[Site "?"]
[Date "2006.03.18"]
[Round "6"]
[White "Mengus, Michel"]
[Black "Gozzo, Jean-Claude"]
[Result "0-1"]
[WhiteElo "1710"]
[BlackElo "1690"]
[PlyCount "115"]
[EventDate "2006.01.28"]
[SourceDate "2005.11.05"]

1. c4 Nf6 2. Nc3 b6 3. e4 d6 4. g3 Bb7 5. Bg2 Nbd7 6. Nge2 Rb8 7. O-O g6 8. d3
Bg7 9. f3 O-O 10. Be3 e6 11. Qd2 Ne5 12. Rad1 Re8 13. Bg5 Qd7 14. b3 d5 15. d4
Nc6 16. e5 Nh5 17. g4 f6 18. gxh5 fxg5 19. Qxg5 gxh5 20. cxd5 exd5 21. Nf4 Nxe5
22. Bh3 Ng4 23. fxg4 h6 24. Qg6 Re3 25. g5 Rxh3 26. Nxh3 Qxh3 27. gxh6 Qe3+ 28.
Rf2 Qxh6 29. Qxh6 Bxh6 30. Rf5 Be3+ 31. Kf1 c6 32. Rxh5 Ba6+ 33. Kg2 Rf8 34.
Re5 Bh6 35. Re6 Bg7 36. Rxc6 Rf4 37. Kg3 Rxd4 38. Rxd4 Bxd4 39. Nd1 Bb7 40. Rc7
Be5+ 41. Kf2 Bxc7 42. h3 Kg7 43. Nc3 a6 44. Ke3 Kf6 45. Ne2 Kg5 46. Kd4 Kh4 47.
Nc3 Kxh3 48. b4 Bd8 49. a4 Bf6+ 50. Kd3 Bxc3 51. Kxc3 Kg4 52. a5 b5 53. Kd3 Kf4
54. Kd4 Ba8 55. Kd3 Ke5 56. Ke3 d4+ 57. Kd3 Be4+ 58. Ke2 0-1

[Event "Open Qualificatif Meyreuil"]
[Site "?"]
[Date "2006.03.18"]
[Round "6"]
[White "Navarro, Bertrand"]
[Black "Schiano-Lomoriello, Didier"]
[Result "1-0"]
[WhiteElo "1570"]
[BlackElo "1499"]
[PlyCount "59"]
[EventDate "2006.01.28"]
[SourceDate "2005.11.05"]

1. e4 c5 2. Nf3 d6 3. g3 Nf6 4. d3 g6 5. Bg2 Bg7 6. O-O O-O 7. h3 Nc6 8. c3 e5
9. Be3 Be6 10. Qd2 Qd7 11. Ng5 Bh6 12. Nxe6 Bxe3 13. Nxf8 Bxd2 14. Nxd7 Bxc3
15. Nxf6+ Kg7 16. Nh5+ Kh6 17. bxc3 Kxh5 18. Na3 f5 19. exf5 gxf5 20. Bf3+ Kg6
21. Bxc6 bxc6 22. Rab1 Rg8 23. Rb7 Kh6 24. Nc4 f4 25. g4 d5 26. Nxe5 d4 27.
cxd4 cxd4 28. Kh2 c5 29. g5+ Rxg5 30. Nf7+ 1-0

[Event "Open Qualificatif Meyreuil"]
[Site "?"]
[Date "2006.04.08"]
[Round "7"]
[White "Navarro, Bertrand"]
[Black "Alpe, Jean-Charles"]
[Result "0-1"]
[WhiteElo "1570"]
[BlackElo "1590"]
[PlyCount "116"]
[EventDate "2006.01.28"]
[SourceDate "2005.11.05"]

1. Nf3 d5 2. d3 e6 3. Nbd2 Nf6 4. g3 b6 5. Bg2 Bb7 6. O-O Be7 7. h3 O-O 8. Nh2
Nbd7 9. g4 h6 10. f4 c6 11. e4 dxe4 12. Nxe4 Nxe4 13. Bxe4 Nf6 14. Bg2 Qc7 15.
g5 hxg5 16. fxg5 Nh7 17. Qg4 g6 18. Nf3 Bd6 19. Nd4 Rad8 20. Nxe6 fxe6 21.
Qxe6+ Kg7 22. Bd2 Be5 23. Rae1 Rxf1+ 24. Kxf1 Rf8+ 25. Ke2 Bd4 26. Be4 Qf7 27.
Qxf7+ Rxf7 28. c3 Be5 29. Rf1 Rxf1 30. Kxf1 Bg3 31. c4 Bh4 32. Bc3+ Kf7 33. b4
Nxg5 34. Bg2 Ke7 35. Ke2 Ne6 36. Ke3 Bg5+ 37. Kf2 Nf4 38. Bf1 Bc8 39. Kg3 Nh5+
40. Kf3 Bf5 41. Be1 Ke6 42. d4 Bf6 43. Bf2 g5 44. a4 Nf4 45. h4 Nd3 46. Bxd3
Bxd3 47. hxg5 Bxg5 48. d5+ cxd5 49. cxd5+ Kxd5 50. a5 Bd8 51. Ke3 Kc4 52. Be1
Bh7 53. Kf4 Kb5 54. Ke5 bxa5 55. bxa5 Bxa5 56. Bxa5 Kxa5 57. Kd4 Kb4 58. Ke3
Kc3 0-1

[Event "Open Qualificatif Meyreuil"]
[Site "?"]
[Date "2006.03.08"]
[Round "7"]
[White "Torelli, Roger"]
[Black "Bordenave, Robert"]
[Result "1-0"]
[WhiteElo "1780"]
[BlackElo "1499"]
[PlyCount "49"]
[EventDate "2006.01.28"]
[SourceDate "2005.11.05"]

1. e4 c6 2. d4 d5 3. exd5 cxd5 4. c4 Nf6 5. Nc3 e6 6. c5 Be7 7. Nf3 O-O 8. Bd3
b6 9. b4 a5 10. Na4 bxc5 11. bxc5 Ba6 12. Nb6 Ra7 13. Bf4 Bxd3 14. Bxb8 Qxb8
15. Qxd3 Nd7 16. Nxd7 Rxd7 17. O-O Bf6 18. Rfe1 Rc8 19. Rab1 Rb7 20. Rxb7 Qxb7
21. Rb1 Qc7 22. a4 Rb8 23. Rxb8+ Qxb8 24. Qb5 Qc7 25. Qe8# 1-0

[Event "Open Qualificatif Meyreuil"]
[Site "?"]
[Date "2006.04.08"]
[Round "7"]
[White "Garcia, Robustiano"]
[Black "Scamaroni, Jean-Paul"]
[Result "1/2-1/2"]
[WhiteElo "1680"]
[BlackElo "1730"]
[PlyCount "73"]
[EventDate "2006.01.28"]
[SourceDate "2005.11.05"]

1. d4 d5 2. c4 e5 3. dxe5 d4 4. Nf3 Nc6 5. Bg5 f6 6. exf6 Nxf6 7. a3 a5 8. e3
Bg4 9. Be2 dxe3 10. Qxd8+ Rxd8 11. Bxe3 Bd6 12. Nc3 Be5 13. Nxe5 Nxe5 14. b3
Bxe2 15. Kxe2 c6 16. Rad1 Kf7 17. Rxd8 Rxd8 18. Rd1 Re8 19. h3 h6 20. f4 Ned7
21. Kf3 b6 22. Rd6 Rc8 23. Na4 Ke7 24. Rd3 c5 25. Nc3 g5 26. Nd5+ Nxd5 27. Rxd5
Rf8 28. g3 Ke6 29. h4 g4+ 30. Ke2 Rf5 31. Rxf5 Kxf5 32. Kd3 Nf6 33. Bf2 Ne4 34.
Be1 h5 35. b4 axb4 36. axb4 cxb4 37. Bxb4 1/2-1/2

[Event "Open Qualificatif Meyreuil"]
[Site "?"]
[Date "2006.04.08"]
[Round "7"]
[White "Montanelli, Tristan"]
[Black "Maxiola, Antoine"]
[Result "1-0"]
[WhiteElo "1499"]
[BlackElo "1510"]
[PlyCount "31"]
[EventDate "2006.01.28"]
[SourceDate "2005.11.05"]

1. d4 d5 2. Bf4 e6 3. Nf3 Nf6 4. e3 c5 5. c3 c4 6. b3 b5 7. a4 Bd7 8. axb5 Bxb5
9. Nbd2 Qc8 10. bxc4 Bxc4 11. Nxc4 dxc4 12. Ne5 Nd5 13. Qa4+ Nd7 14. Nxc4 N5b6
15. Qb5 Bd6 16. Nxd6+ 1-0

[Event "Open Qualificatif Meyreuil"]
[Site "?"]
[Date "2006.04.08"]
[Round "7"]
[White "Schiano-Lomoriello, Didier"]
[Black "Mengus, Michel"]
[Result "0-1"]
[WhiteElo "1499"]
[BlackElo "1710"]
[PlyCount "59"]
[EventDate "2006.01.28"]
[SourceDate "2005.11.05"]

1. e4 e6 2. d3 g6 3. Nd2 Bg7 4. Ngf3 d6 5. g3 c5 6. Bg2 Nc6 7. O-O Nge7 8. c4
O-O 9. Re1 d5 10. e5 Qc7 11. Qe2 b6 12. Nf1 Bb7 13. h3 Nf5 14. b3 Ncd4 15. Nxd4
Nxd4 16. Qb2 Bxe5 17. Kh1 Nf3 18. d4 Nxe1 19. dxe5 Nd3 20. Qe2 Nxc1 21. Rxc1 d4
22. Nd2 Bxg2+ 23. Kxg2 d3 24. Qe4 Rfd8 25. h4 Rd4 26. Qf3 Qxe5 27. g4 Qe2 28.
Rh1 Qxd2 29. h5 Rf4 30. Qg3 0-1

[Event "Open Qualificatif Meyreuil"]
[Site "?"]
[Date "2006.04.08"]
[Round "7"]
[White "Terrien, Claude"]
[Black "Roux, Jean-Marie"]
[Result "1-0"]
[WhiteElo "1480"]
[BlackElo "1700"]
[PlyCount "115"]
[EventDate "2006.01.28"]
[SourceDate "2005.11.05"]

1. c4 e5 2. Nc3 Nf6 3. g3 Bb4 4. Bg2 Bxc3 5. bxc3 c6 6. a4 O-O 7. Ba3 d6 8. d3
Nbd7 9. e3 Qc7 10. Ne2 Re8 11. O-O Rb8 12. d4 b6 13. Qc2 Ba6 14. Qa2 Bb7 15.
Rab1 c5 16. d5 e4 17. Nf4 Ba6 18. Rfd1 Ne5 19. Bf1 Nf3+ 20. Kg2 Ng4 21. h3 Nf6
22. Be2 Ne5 23. Rh1 Qd7 24. Bc1 Qf5 25. a5 Bc8 26. axb6 axb6 27. Rb3 g5 28. g4
Nfxg4 29. hxg4 Nxg4 30. Bxg4 Qxg4+ 31. Kf1 gxf4 32. Rg1 Qxg1+ 33. Kxg1 f3 34.
Qb1 Re5 35. Rxb6 Rg5+ 36. Kh2 Rg2+ 37. Kh1 Rxb6 38. Qxb6 Kg7 39. Qxd6 Bh3 40.
Qe5+ f6 41. Qh5 Bg4 42. Qh4 h5 43. Ba3 Kf7 44. Bxc5 Kg6 45. Bd4 Kf7 46. Qxf6+
Ke8 47. Qh4 Kd7 48. c5 Kc8 49. d6 Kd7 50. Qe7+ Kc6 51. Qc7+ Kd5 52. d7 Bxd7 53.
Qxd7+ Kc4 54. c6 Rxf2 55. c7 Rf1+ 56. Kh2 f2 57. c8=Q+ Kd3 58. Qb5+ 1-0

[Event "Open Qualificatif Meyreuil"]
[Site "?"]
[Date "2006.05.13"]
[Round "8"]
[White "Terrien, Claude"]
[Black "Navarro, Bertrand"]
[Result "0-1"]
[WhiteElo "1700"]
[BlackElo "1570"]
[PlyCount "28"]
[EventDate "2006.01.28"]
[SourceDate "2005.11.05"]

1. c4 d6 2. d4 g6 3. e4 Bg7 4. f4 Nf6 5. Nc3 O-O 6. Nf3 c5 7. e5 dxe5 8. fxe5
Nfd7 9. Bf4 cxd4 10. Qxd4 Nc6 11. Qe3 Qa5 12. Be2 Ndxe5 13. O-O Nxf3+ 14. Bxf3
Bd4 0-1

[Event "Open Qualificatif Meyreuil"]
[Site "?"]
[Date "2006.05.13"]
[Round "8"]
[White "Roux, Jean-Marie"]
[Black "Montanelli, Tristan"]
[Result "0-1"]
[WhiteElo "1480"]
[BlackElo "1499"]
[PlyCount "106"]
[EventDate "2006.01.28"]
[SourceDate "2005.11.05"]

1. e4 g6 2. d4 Bg7 3. Nf3 d6 4. Nc3 Nd7 5. Bc4 e6 6. Bg5 Ne7 7. Qd2 a6 8. Bh6
O-O 9. Bxg7 Kxg7 10. h4 b5 11. Bd3 e5 12. Ng5 h6 13. h5 hxg5 14. hxg6 f6 15.
O-O-O Rh8 16. Rhf1 Nxg6 17. d5 Nf4 18. g3 Ng6 19. Be2 Nc5 20. Bf3 Bh3 21. Rh1
Qd7 22. Qe2 g4 23. Qe3 gxf3 24. Rhg1 Bg2 25. Rde1 Rh2 26. Nb1 Rah8 27. Nd2 Qg4
28. Kb1 a5 29. Qc3 b4 30. Qc4 Qc8 31. Qb5 Rh1 32. Qxa5 Rxg1 33. Rxg1 Rh1 34.
Rxh1 Bxh1 35. Qxb4 Qb7 36. Qa5 Nf8 37. Qc3 Na4 38. Qa3 Qa6 39. Qb4 Qb6 40. Qxb6
Nxb6 41. b3 Nh7 42. Kc1 Bg2 43. Kd1 Nd7 44. a4 Kf7 45. c4 Ke7 46. b4 Kd8 47. a5
Kc8 48. a6 Kb8 49. b5 Nc5 50. Kc2 Ng5 51. Kd1 Ngxe4 52. Nxe4 Nxe4 53. Ke1 f5
0-1

[Event "Open Qualificatif Meyreuil"]
[Site "?"]
[Date "2006.05.13"]
[Round "8"]
[White "Scamaroni, Jean-Paul"]
[Black "Alpe, Jean-Charles"]
[Result "1/2-1/2"]
[WhiteElo "1730"]
[BlackElo "1580"]
[PlyCount "71"]
[EventDate "2006.01.28"]
[SourceDate "2005.11.05"]

1. d4 d5 2. c4 e6 3. Nc3 Nf6 4. Bg5 Be7 5. e3 h6 6. Bh4 O-O 7. Nf3 b6 8. cxd5
Nxd5 9. Nxd5 exd5 10. Bxe7 Qxe7 11. Be2 Be6 12. O-O c5 13. Rc1 Rc8 14. Qa4 c4
15. Rc3 Bd7 16. Qc2 Be6 17. Rc1 Nd7 18. b3 b5 19. bxc4 bxc4 20. Nd2 Nf6 21. Bf3
Rc7 22. Nxc4 Ne4 23. Bxe4 dxe4 24. Nd2 Rxc3 25. Qxc3 Rc8 26. Qb2 Rxc1+ 27. Qxc1
Bxa2 28. Qc8+ Kh7 29. Qf5+ g6 30. Qxe4 Qc7 31. f4 Qc1+ 32. Nf1 Bc4 33. Qf3 Bxf1
34. Qxf1 Qxe3+ 35. Qf2 Qc1+ 36. Qf1 1/2-1/2

[Event "Open Qualificatif Meyreuil"]
[Site "?"]
[Date "2006.05.13"]
[Round "8"]
[White "Torelli, Roger"]
[Black "Garcia, Robustiano"]
[Result "1/2-1/2"]
[WhiteElo "1499"]
[BlackElo "1680"]
[PlyCount "68"]
[EventDate "2006.01.28"]
[SourceDate "2005.11.05"]

1. e4 d6 2. d4 Nf6 3. Nc3 g6 4. Be3 Bg7 5. Qd2 Nc6 6. f3 a6 7. g4 O-O 8. Bh6
Bxh6 9. Qxh6 Nxd4 10. O-O-O c5 11. Nd5 Nxd5 12. exd5 Qa5 13. Kb1 f5 14. c3 Qa4
15. Rc1 Nb5 16. Nh3 Rf7 17. Ng5 Rg7 18. Bd3 fxg4 19. h4 Qf4 20. fxg4 Bxg4 21.
Rcf1 Qd2 22. Be4 a5 23. h5 Be2 24. Rf4 Qxf4 25. Qxg7+ Kxg7 26. Ne6+ Kf6 27.
Nxf4 Bxh5 28. Nxh5+ gxh5 29. Rxh5 Rh8 30. a4 Nc7 31. c4 h6 32. Kc2 e6 33. dxe6
Nxe6 34. Bxb7 Nf4 1/2-1/2